=LDR 00000nam 2200000 4500 =001 INLIS000000000045250 =005 20210308084802 =035 ##$$a 0010-011500000000076 =008 210308################g##########0#ind## =020 ##$$a 978-979-29-0306-5 =040 ##$$a NBPDMAT =082 ##$$a 374 =090 ##$$a 374 $b Sum s =100 ##$$a Sumarjito =245 1#$$a Strategi tembus perguruan tinggi favorit biologi /$c Drs. Sumarjito, dilp.Ed =260 ##$$a Yogyakarta :$b Andi,$c 2008 =300 ##$$a ix, 354 hlm. : $b ilus. ; $c 21 x 14 cm. =650 #4$$a Perguruan Tinggi =850 ##$$a NBPDMAT =084 ##$$a 374 SUM s =250 ##$$a cet. 1 =990 ##$$a 21419392 =990 ##$$a 21419393 =990 ##$$a 21419395 =990 ##$$a 21419394 =990 ##$$a 21419396